000 nam a22 7a 4500
999 _c9645
_d9645
008 180205b ||||| |||| 00| 0 eng d
100 _aVerma,S.etal.
_95770
245 _aMathematics-5
260 _aNew Delhi
_bPrachi
_c2016